Biblioteca

Revelación y ciencia : (Registro nro. 70043)

Detalles MARC
000 -LÍDER
Campo fijo de descripción fija 01202nab a2200217 i 4500
001 - NÚMERO DE CONTROL
Campo de control 768714001
003 - IDENTIFICADOR DEL NÚMERO DE CONTROL
Campo de control CO-MdFUSB
005 - FECHA Y HORA DE LA ULTIMA TRANSACCIÓN
control field 20240609113838.0
008 - ELEMENTOS DE LONGITUD FIJA -- INFORMACIÓN GENERAL
Campo fijo de descripción fija -- Información general 240604t1976 ag ||||| |||| 00| 0 spa d
040 ## - FUENTE DE CATALOGACIÓN
Idioma de catalogación spa
Agencia que realiza la transcripción CO-MdFUSB
Agencia que realiza la modificación CO-MdFUSB
041 ## - CÓDIGO DE IDIOMA
Código de idioma para texto/pista de sonido o título separado spa
100 ## - ASIENTO PRINCIPAL--NOMBRE PERSONAL
Nombre personal Zandrino, Miguel A.,
Término relacionador autor
245 1# - TÍTULO
Título Revelación y ciencia :
Subtitulo el valor contemporáneo de la información bíblica
Mención de responsabilidad / Miguel A. Zandrino
520 ## - NOTA DE RESUMEN, ETC.
Nota de sumario, etc. "El valor del conocimiento bíblico nunca desaparece". Así como sirvió a su primer destinatario, ha servido al hombre a lo largo de la historia. La interpretación que hace la Biblia es una de las principales razones de la confusión y el conflicto entre la ciencia y la Biblia.<br/>Primero, se analiza los relatos de la creación y los resultados de las investigaciones de la historia del universo y la historia de la vida en la Tierra.
650 #7 - ASIENTO SECUNDARIO DE MATERIA - TERMINO TEMÁTICO
Término temático o nombre geográfico como elemento de entrada Cristianismo
9 (RLIN) 22
650 #7 - ASIENTO SECUNDARIO DE MATERIA - TERMINO TEMÁTICO
Término temático o nombre geográfico como elemento de entrada Biblia y ciencia
9 (RLIN) 7327
650 #7 - ASIENTO SECUNDARIO DE MATERIA - TERMINO TEMÁTICO
Término temático o nombre geográfico como elemento de entrada Investigación
9 (RLIN) 6999
773 0# - ASIENTO DE ITEM FUENTE
Biblionumber 69974
Itemnumber 82718
Lugar, editorial y fecha de publicación Buenos Aires
Otro identificador del ítem R2610
Título Certeza
Número de control del registro (CO-MdFUSB)768714001
Parte(s) relacionada(s) / Volumen., número. (mes año), páginas Número 63, (julio - septiembre, 1976) páginas: 214 - 218
Enumeración y primera página página: 214
942 ## - TIPO DE MATERIAL (KOHA)
Tipo de Item KOHA Artículos de Revista
945 ## - INFORMACIÓN LOCAL DEL REGISTRO
Catalogador Catherine Arias Álvarez - Practicante SENA

No hay ítems disponibles.

Biblioteca FUSBC | Teléfono: (57+4) 349 88 10 Ext. 141| WhatsApp (+57) 3005338115 
E-mail: biblioteca@unisbc.edu.co | Calle 76 87-14 Robledo Palenque, Medellín, Colombia

Con tecnología Koha